Příchozí. Kniha třetí, Návrat bohyně /
Další pokračování fantasy série, ve kterém se tři děti s nevšedními schopnostmi musí postavit bytosti z hlubin věků.
Uloženo v:
| Série: | Příchozí,
část 3 |
|---|---|
| Hlavní autor: | |
| Médium: | E-kniha |
| Jazyk: | Czech |
| Vydáno: |
České Budějovice :
Kopp,
2021
|
| Vydání: | První vydání |
| Témata: | |
| Příbuzné jednotky: | Z cyklu::
Příchozí |
| Tagy: |
Žádné tagy |
| LEADER | 02207nam a2200457 i 4500 | ||
|---|---|---|---|
| 001 | 311515 | ||
| 003 | CZ PrSKC | ||
| 005 | 20260601215707.0 | ||
| 007 | ta | ||
| 008 | 210518s2021 xr c 000 f cze | ||
| 015 | |a cnb003319689 | ||
| 020 | |a 9788072325368 |q (brožováno) | ||
| 035 | |a (OCoLC)1274108738 | ||
| 040 | |a ABG001 |b cze |e rda | ||
| 072 | 7 | |a 821.162.3-3 |x Česká próza |2 Konspekt | |
| 072 | 7 | |a 821-93 |x Literatura pro děti a mládež (beletrie) |2 Konspekt | |
| 080 | |a 821.162.3-31 |2 MRF | ||
| 080 | |a 821-93 |2 MRF | ||
| 080 | |a (0:82-312.9) |2 MRF | ||
| 100 | 1 | |a Poklop, Vladimír |7 xx0260862 |4 aut | |
| 245 | 1 | 0 | |a Příchozí. |n Kniha třetí, |p Návrat bohyně / |c Vladimír Poklop |
| 246 | 3 | 0 | |a Návrat bohyně |
| 250 | |a První vydání | ||
| 264 | 1 | |a České Budějovice : |b Kopp, |c 2021 | |
| 300 | |a 312 stran ; |c 20 cm | ||
| 336 | |a text |b txt |2 rdacontent | ||
| 337 | |a bez média |b n |2 rdamedia | ||
| 338 | |a svazek |b nc |2 rdacarrier | ||
| 520 | 2 | |a Další pokračování fantasy série, ve kterém se tři děti s nevšedními schopnostmi musí postavit bytosti z hlubin věků. |b Přichází varování, že organizace Kruhů se hroutí a její členové jsou systematicky likvidováni. Marek a Alan varování podcení a jsou uneseni. Jejich zmizení přinutí Irenu odhalit své inkognito a vyrazit na válečnou stezku za jejich záchranou. Nakladatelská anotace. Kráceno. | |
| 655 | 7 | |a české romány |7 fd133974 |2 czenas | |
| 655 | 7 | |a fantasy romány |7 fd184199 |2 czenas | |
| 655 | 7 | |a publikace pro mládež |7 fd133157 |2 czenas | |
| 655 | 9 | |a Czech fiction |2 eczenas | |
| 655 | 9 | |a fantasy novels |2 eczenas | |
| 655 | 9 | |a juvenile literature |2 eczenas | |
| 787 | 0 | 8 | |i Z cyklu: |t Příchozí |g 3 |
| 900 | |a ABA001 |b 20 | ||
| 044 | |a xr | ||
| 910 | |a RBIT002 | ||
| 998 | |d 347455 |a https://core.palmknihy.cz/api/books/347455/cover?r8ffzj |b https://core.palmknihy.cz/api/books/347455/cover/400?r8ffzj |c https://core.palmknihy.cz/api/books/347455/cover/50?r8ffzj |e |g 320 |i 9788072325368 |j https://core.palmknihy.cz/api/books/347455/preview.epub |k https://core.palmknihy.cz/api/books/347455/preview.pdf |l |q 49 |r 1 |s https://www.palmknihy.cz/kniha/347455 |t ebook |y 2022 |z 0 |v Příchozí |w 3 | ||
| 999 | |d 311513 | ||